LDR 00682naa#a2200205#i#450# 001 EN\\bibl\120256 005 20260417021931.5 011 ## _a1819-4036 100 ## _a20210331b2021####ek#y0engy0150####ca 102 ## _aRU 200 1# _aGRAIN QUALITY OF SPRING SOFT WHEAT VARIETIES IN THE CONDITIONS OF THE SUBTAIGA ZONE OF THE TYUMEN REGION _eJournal article 210 1# _aKrasnoyarsk _cKrasnoyarsk State Agrarian University _d2021 215 ## _a6 с. 608 ## _aJournal article _2local 675 ## _aПолеводство. 633 _z 700 #1 _aBelkina _gR I 700 #1 _aLetyago _gYu A 700 #1 _aVydrin _gViktor Vladimirovich 700 #1 _aFedoruk _gTat'yana Konstantinovna 856 4# _avestnik.kgau.ru _u